000 00939nas a2200277 4500
001 BR8200490
003 BR-BrBNA
005 20231205085008.0
007 ta
008 230509b bl.|||p| |||| 00| 00por d
040 _aBR-BrBNA
_bpor
_cBiblioteca Nacional de Agricultura
041 _a(Pt)
072 _aF30
100 1 _aVerde, N.G.L.
100 1 _aCarlos Filho, F.
100 1 _aFreire, J.M.
245 1 _aCompeticao de variedades de cana-de-acucar em Redencao, Ceara [Saccharum officinarum; Brasil]
246 1 _aPerformance of sugar cane varieties in Redencao, Ceara [Saccharum officinarum; Brazil]
650 _aMelhoramento genetico vegetal
650 _aCana de acucar
650 _aCompeticao de variedade
650 _aCeara
773 0 _tPesquisa Agropecuaria Brasileira (Brazil)
_xISSN 0100-204X
_g(Sep 1981), v. 16(5) p. 701-707
_wBR8200490
909 _a202311
_bLúcia
_c55
_dLúcia Elande
942 _2AGRIS
_n0
_cANA
999 _c108586
_d108586